000 00325nam a2200121Ia 4500
008 220204s9999 xx 000 0 und d
082 _a332.021.8(547.1)
_bDAN
100 _aDANDEKAR, V M
245 0 _aWorking of Bombay tenancy act 1948
260 _aPoona
_bGokhale Institute
_c1954
700 _aKHUDANPUR, G J
942 _cBK
999 _c20099
_d20099